|
|
|
|
| LEADER |
03358nam a22005775i 4500 |
| 001 |
978-3-540-92671-9 |
| 003 |
DE-He213 |
| 005 |
20151204142454.0 |
| 007 |
cr nn 008mamaa |
| 008 |
100301s2009 gw | s |||| 0|eng d |
| 020 |
|
|
|a 9783540926719
|9 978-3-540-92671-9
|
| 024 |
7 |
|
|a 10.1007/978-3-540-92671-9
|2 doi
|
| 040 |
|
|
|d GrThAP
|
| 050 |
|
4 |
|a HF54.5-54.56
|
| 072 |
|
7 |
|a KJQ
|2 bicssc
|
| 072 |
|
7 |
|a UF
|2 bicssc
|
| 072 |
|
7 |
|a BUS083000
|2 bisacsh
|
| 072 |
|
7 |
|a COM039000
|2 bisacsh
|
| 082 |
0 |
4 |
|a 650
|2 23
|
| 082 |
0 |
4 |
|a 658.05
|2 23
|
| 100 |
1 |
|
|a Hoogervorst, Jan A. P.
|e author.
|
| 245 |
1 |
0 |
|a Enterprise Governance and Enterprise Engineering
|h [electronic resource] /
|c by Jan A. P. Hoogervorst.
|
| 264 |
|
1 |
|a Berlin, Heidelberg :
|b Springer Berlin Heidelberg,
|c 2009.
|
| 300 |
|
|
|a XXVI, 428 p. 103 illus.
|b online resource.
|
| 336 |
|
|
|a text
|b txt
|2 rdacontent
|
| 337 |
|
|
|a computer
|b c
|2 rdamedia
|
| 338 |
|
|
|a online resource
|b cr
|2 rdacarrier
|
| 347 |
|
|
|a text file
|b PDF
|2 rda
|
| 490 |
1 |
|
|a The Enterprise Engineering Series
|
| 505 |
0 |
|
|a Basic Concepts -- Mechanistic and Organismic Perspectives on Governance -- Enterprise Essentials -- System Thinking -- Governance Themes -- Corporate Governance -- IT Governance -- Enterprise Governance -- The Praxis Illustrated.
|
| 520 |
|
|
|a Achieving enterprise success necessitates addressing enterprises in ways that match the complexity and dynamics of the modern enterprise environment. However, since the majority of enterprise strategic initiatives appear to fail – among which those regarding information technology – the currently often practiced approaches to strategy development and implementation seem more an obstacle than an enabler for strategic enterprise success. Two themes underpin the fundamentally different views outlined in this book. First, the competence-based perspective on governance, whereby employees are viewed as the crucial core for effectively addressing the complex, dynamic and uncertain enterprise reality, as well as for successfully defining and operationalizing strategic choices. Second, enterprise engineering as the formal conceptual framework and methodology for arranging a unified and integrated enterprise design, which is a necessary condition for enterprise success. Jan Hoogervorst's presentation, which is based on both research and his professional background at Sogeti B.V., aims at professionals in management and consulting as well as students in management science and business information systems.
|
| 650 |
|
0 |
|a Business.
|
| 650 |
|
0 |
|a Organization.
|
| 650 |
|
0 |
|a Planning.
|
| 650 |
|
0 |
|a Information technology.
|
| 650 |
|
0 |
|a Business
|x Data processing.
|
| 650 |
|
0 |
|a Application software.
|
| 650 |
|
0 |
|a Management information systems.
|
| 650 |
|
0 |
|a Computer science.
|
| 650 |
1 |
4 |
|a Business and Management.
|
| 650 |
2 |
4 |
|a IT in Business.
|
| 650 |
2 |
4 |
|a Management of Computing and Information Systems.
|
| 650 |
2 |
4 |
|a Organization.
|
| 650 |
2 |
4 |
|a Computer Appl. in Administrative Data Processing.
|
| 710 |
2 |
|
|a SpringerLink (Online service)
|
| 773 |
0 |
|
|t Springer eBooks
|
| 776 |
0 |
8 |
|i Printed edition:
|z 9783540926702
|
| 830 |
|
0 |
|a The Enterprise Engineering Series
|
| 856 |
4 |
0 |
|u http://dx.doi.org/10.1007/978-3-540-92671-9
|z Full Text via HEAL-Link
|
| 912 |
|
|
|a ZDB-2-SBE
|
| 950 |
|
|
|a Business and Economics (Springer-11643)
|